Statistics for NFL Team States(PART 1)

Click here to take the quiz!

General Stats

  • This quiz has been taken 19 times
  • The average score is 16 of 16

Answer Stats

Answer% Correct
California
100%
California
100%
Colorado
100%
Illinois
100%
Maryland
100%
Nevada
100%
Ohio
100%
Ohio
100%
Texas
100%
Texas
100%
Massachusetts
94%
Pennsylvania
94%
Washington
94%
Washington DC
94%
Missouri
88%
Pennsylvania
88%

Score Distribution

Percentile by Number Answered

Percent of People with Each Score

Your Score History

You have not taken this quiz